Statistics for 10 Hardest languages to learn

Click here to take the quiz!

General Stats

  • This quiz has been taken 89 times
  • The average score is 6 of 10

Answer Stats

NumberLanguage% Correct
2.Arabic
90%
3.Japanese
88%
5.Korean
83%
1.Mandarin
83%
6.Finnish
70%
4.Hungarian
66%
10.Polish
45%
9.Icelandic
40%
7.Basque
30%
8.Navajo
29%

Score Distribution

Percentile by Number Answered

Percent of People with Each Score

Your Score History

You have not taken this quiz